Comentar a arquitectura (Registo nº 202119)

Detalhes MARC
000 -Etiqueta do registo
Valores 00463nam 22001693 4500
100 ## - Dados gerais de processamento
Dados gerais 20260511d u||y0pory50 ba
200 ## - Titulo e menção de responsabilidade
Título próprio Comentar a arquitectura
Primeira menção de responsabilidade Neil Stevenson
210 ## - Publicação
Local de publicação Porto
Nome do editor Civilização Editora
Data de publicação [19--?]
215 ## - Descrição física 
Paginação / Volumes 112 p.
Outras indicações físicas encadernado
Dimensões 35 cm
606 ## - Nome comum usado como assunto
ID Autoridade 4600
Palavra de ordem Arquitetura
675 ## - CDU
Notação 72
Edição PT
Língua por
700 ## - Autor principal (pessoa individual)
ID Autoridade 17279
Apelido Stevenson
Nome Neil
801 ## - Fonte de origem
País PT
Agência BMMN
Regras de catalogação RPC
830 ## - Notas gerais do catalogador
Criado por Fernando
Indexado por Fernando
990 ## - Elementos KOHA
Tipo de documento Livro
Exemplares
Situação do levantamento Biblioteca de origem Código de barras Cota Permissão de empréstimo Tipo de documento Forma de aquisição
  Biblioteca Municipal de Montemor-o-Novo 31544 72 STE|DEP   Livro Compra

Powered by Koha